000 00814nam a2200217 i 4500
001 184080
003 ES-MaACL
005 20250929063303.0
008 150312s1968 fr |||| | fre d
100 1 _aBerl, Emmanuel,
_d1892-1976
_928048
245 1 3 _aLa fin de la IIIe République
_b: 10 juillet 1940 /
_cEmmanuel Berl.
260 _a[Paris] :
_bGallimard,
_c1968.
300 _a366 p., [32] p. de lám. :
_bil. ;
_c21 cm.
490 1 _aTrente journées qui ont fait la France ;
_v29
504 _aBibliogr. p. [353]-356.
651 4 _aFrancia-
_xHistoria-
_y1870-1940, III República
_98697
651 4 _aFrancia-
_xHistoria-
_y1940-1945, Ocupación alemana.
_9139486
830 0 _aTrente journées qui ont fait la France ;
_v29
_9182109
852 _aES-MaACL
_jE-15473
999 _c184080
_d184080